LEADER 01548nam a2200349 u 4500 001 000000030409 003 CaOOAMICUS 005 20070226112026.0 008 970915m19811985nyu u000 u eng u 020 $a0385005156 (v.1) 020 $a0385155425 (v.2) 035 $a10769408 040 $aPUL$bita 130 0 $aBiblia.$pN.T.$pLucas.$lInglese.$0(OLS)http://pul/title/158590 245 14$aThe Gospel according to Luke /$cIntroduction, translation, and Notes by Joseph A. Fitzmyer, S.J. 260 $aGarden City, N.Y. :$bDoubleday,$c1981-1985. 300 $a2 v. ;$c23 cm 490 1 $aThe Anchor Bible ;$v28-28A 500 $aInclude indice. 505 0 $a[v. 1]: I-IX. -- [v. 2]: X-XXIV. 700 1 $aFitzmyer, Joseph A.,$cS.I.,$d1920-$0(OLS)http://pul/name/3985 830 4$aThe Anchor Bible ;$v28-28A.$0(OLS)http://pul/title/18634 850 $aPUL 852 $aPUL$W1$xSL Religione 1$y3$m1(6) G 28-28A$j42021$nBK-PRI$b $qStampati$B42021$CPULBib$Z2$F42021 $H $81 852 $aPUL$W1$xSL Religione 1$y3$m1(6) G 28-28A$j42021$nBK-PRI$b $qStampati$B42022$CPULBib$Z2$F42022 $H $81 941 1 $a8 961 $aINV: 49711. -- 53134 961 $aINV: 49711. -- 53134 996 $6020$a0385005156 (v.1)$9(OLS)http://pul/number/38154 996 $6020$a0385155425 (v.2)$9(OLS)http://pul/number/38155 996 $6245$aThe Gospel according to Luke$9(OLS)http://pul/title/41787 996 $6260$aGarden City, N.Y. :$bDoubleday$9(OLS)http://pul/publisher/53877 LEADER 01500nam a2200337 u 4500 001 000000082245 003 CaOOAMICUS 005 20070226123837.0 008 050411s2000 it u000 u ita u 020 $a8817173223 035 $a11038410 040 $aPUL$bita 041 1 $aita$hger 100 1 $aSchopenhauer, Arthur,$d1788-1860.$0(OLS)http://pul/name/15397 240 10$aGruppi, scelte$9(Schopenhauer, Arthur, 1788-1860).$lItaliano.$0(OLS)http://pul/title/107508 245 10$aO si pensa o si crede :$bscritti sulla religione /$cArthur Schopenhauer ; introduzione di Anacleto Verrecchia ; traduzione di Bettino Betti e Anacleto Verrecchia. 250 $a2. ed. 260 $aMilano :$bBiblioteca Universale Rizzoli,$c2000. 300 $a325 p. ;$c18 cm 490 1 $aClassici della BUR ;$vL1322 500 $aInclude indice. 504 $aBibliografia in nota. 700 1 $aBetti, Bettino.$0(OLS)http://pul/name/54670 700 1 $aVerrecchia, Anacleto.$0(OLS)http://pul/name/38813 830 0$aClassici della BUR ;$vL1322.$0(OLS)http://pul/title/31827 850 $aPUL 852 $aPUL$W1$xSL Filosofia 3$y81$m193 SCHA 2$j104825$nBK-PRI$qDDC 21$B104825$CPULBib$Z2$F104825 $H97786 $82 941 1 $a9 996 $6020$a8817173223$9(OLS)http://pul/number/108974 996 $6245$aO si pensa o si crede :$bscritti sulla religione$9(OLS)http://pul/title/107509 996 $6260$aMilano :$bBiblioteca Universale Rizzoli$9(OLS)http://pul/publisher/61121